Las ideas contemporáneas /

Guardado en:
Detalles Bibliográficos
Autor principal: Domenach, Jean-Marie (autor)
Formato: Libro
Idioma:Español
Temas:
Etiquetas: Agrega una etiqueta
Sin etiquetas, Sé el primero en etiquetar este registro!

MARC

LEADER 00000nam^a2200000^a^4500
001 000036958
005 20250521000000.0
009 20260310085407.635
020 |a 84-7245-140-2 
037 |a Acervo ITESO - Biblioteca 
041 |a ESP 
082 |a 909. 82  |b DOM 
100 |a Domenach, Jean-Marie  |e (autor) 
245 1 4 |a Las ideas contemporáneas /  |c Jean-Marie Domenach ; tr. por Jordi Fibla. 
264 |a México :  |b Kairós,  |c 1983 
300 |a 139 p. 
336 |a texto  |b txt  |2 rdacontenido 
337 |a sin mediación  |b n  |2 rdamedio 
338 |a volumen  |b nc  |2 rdasoporte 
649 |a XX 
650 |a Historia Moderna 
650 |a Ideología 
650 |a Filosofía Moderna 
910 |a Fondo General 
920 |a Impresos - Libros 
930 |a Colección General 
905 |a 101 
901 |a 0369580100  |b IT1  |c ACC  |i 036958  |u 20250521 
902 |a https://opac.biblio.iteso.mx/vufind/Record/000036958